Routledge handbook of constitutional law / (Record no. 14273)

000 -LEADER
fixed length control field 01022cam a2200301 a 4500
001 - CONTROL NUMBER
control field 17378627
005 - DATE AND TIME OF LATEST TRANSACTION
control field 20170105102851.0
008 - FIXED-LENGTH DATA ELEMENTS--GENERAL INFORMATION
fixed length control field 120709s2013 enk 000 0 eng
010 ## - LIBRARY OF CONGRESS CONTROL NUMBER
LC control number 2012027701
020 ## - INTERNATIONAL STANDARD BOOK NUMBER
International Standard Book Number 9780415782203 (hbk. : alk. paper)
020 ## - INTERNATIONAL STANDARD BOOK NUMBER
International Standard Book Number 9780203072578 (ebook)
040 ## - CATALOGING SOURCE
Original cataloging agency DLC
Transcribing agency DLC
Modifying agency DLC
042 ## - AUTHENTICATION CODE
Authentication code pcc
050 00 - LIBRARY OF CONGRESS CALL NUMBER
Classification number K3165
Item number .R68 2013
082 00 - DEWEY DECIMAL CLASSIFICATION NUMBER
Classification number 342
Edition number 23
245 00 - TITLE STATEMENT
Title Routledge handbook of constitutional law /
Statement of responsibility, etc. edited by Mark Tushnet, Thomas Fleiner and Cheryl Saunders.
246 3# - VARYING FORM OF TITLE
Title proper/short title Handbook of constitutional law.
260 ## - PUBLICATION, DISTRIBUTION, ETC.
Place of publication, distribution, etc. Abingdon, Oxon ;
-- New York, NY :
Name of publisher, distributor, etc. Routledge,
Date of publication, distribution, etc. 2013.
300 ## - PHYSICAL DESCRIPTION
Extent xxiv, 503 p. ;
Dimensions 26 cm.
490 0# - SERIES STATEMENT
Series statement Routledge handbooks
650 #0 - SUBJECT ADDED ENTRY--TOPICAL TERM
Topical term or geographic name entry element Constitutional law.
700 1# - ADDED ENTRY--PERSONAL NAME
Personal name Tushnet, Mark V.,
Dates associated with a name 1945-
700 1# - ADDED ENTRY--PERSONAL NAME
Personal name Fleiner-Gerster, Thomas,
Dates associated with a name 1938-
700 1# - ADDED ENTRY--PERSONAL NAME
Personal name Saunders, Cheryl.
906 ## - LOCAL DATA ELEMENT F, LDF (RLIN)
a 7
b cbc
c orignew
d 1
e ecip
f 20
g y-gencatlg
942 ## - ADDED ENTRY ELEMENTS (KOHA)
Source of classification or shelving scheme
Koha item type Book
Holdings
Withdrawn status Lost status Damaged status Not for loan Collection code Permanent Location Current Location Shelving location Date acquired Total Checkouts Full call number Barcode Date last seen Price effective from Koha item type
          Centre for International Peace & Stability (CIPS) Centre for International Peace & Stability (CIPS) General Stacks 08/05/2013   342 ROU 2013 CIPS0000442 08/21/2013 08/21/2013 Book
© 2023 Central Library, National University of Sciences and Technology. All Rights Reserved.